• 首页
  • 本馆介绍
  • 公告通知
  • 最新文献
  • 馆藏检索
  • 电子资源
  • 读者导购
  • 参考咨询
  • 我的图书馆
  • 登录
  • 详细信息显示
  • 放入我的书架
  • 预约/预借图书
  • 作者相关作品
  • 分类相关作品
  • 丛书相关作品
  • 出版社相关作品

书目信息

  • 表格格式
  • 工作单格式
  • 卡片格式
题名:
对策论
    
 
作者: 谢政 编著
分册:  
出版信息: 长沙   国防科技大学出版社  2004
页数: 301页
开本: 23cm
丛书名:
单 册:
中图分类: O225
科图分类:
主题词: 对策论--研究生--教材 , 对策论
电子资源:
ISBN: 7-81099-057-8
000 00719nam0 2200241 450
001 012007659822
005 20070708091156.37
010    @a7-81099-057-8@dCNY26.00
100    @a20070705d2004 km y0chiy0120 ea
101 0  @achi
102    @aCN@b430000
105    @ay z 001yy
106    @ar
200 1  @a对策论@Adui ce lun@f谢政编著@Fxie zheng bian zhu
210    @a长沙@c国防科技大学出版社@d2004
215    @a301页@d23cm
330    @a本书是关于对策论的入门教材,围绕对策论中最基本、最重要的理论和方法,讲述了预备知识、对策、决策分析等内容。
606 0  @a对策论@x研究生@j教材
606 0  @a对策论
690    @aO225@v4
701  0 @a谢政@Axie zheng@4编著
801  0 @aCN@bRULIN@c20070708
905    @dO225@e133@s8
    
    对策论/谢政编著.-长沙:国防科技大学出版社,2004
    301页;23cm
    
    
    ISBN 7-81099-057-8:CNY26.00
    本书是关于对策论的入门教材,围绕对策论中最基本、最重要的理论和方法,讲述了预备知识、对策、决策分析等内容。
●
相关链接 在E读中查询图书 在五车中查询图书 在当当中查询图书 在豆瓣中查询图书


正题名:对策论     索取号:O225/133         预约/预借

序号 登录号 条形码 馆藏地/架位号 状态 备注
1 0583199   205831992   第二样本阅览室/ [索取号:O225/133] 在馆    
2 0583200   205832009   第三借阅区/ [索取号:O225/133] 在馆    
3 0583201   205832018   第三借阅区/ [索取号:O225/133] 在馆    
4 0583202   205832027   第三借阅区/ [索取号:O225/133] 在馆    
5 0583203   205832036   第三借阅区/ [索取号:O225/133] 在馆    
6 0583204   205832045   第三借阅区/ [索取号:O225/133] 在馆    
7 0583205   205832054   第三借阅区/ [索取号:O225/133] 在馆    
8 0583206   205832063   第三借阅区/ [索取号:O225/133] 在馆    
唐山师范学院图书馆 欢迎您!
大连网信软件有限公司© 版权所有